Biggest Ski Resorts in North America (USA & Canada) - Statistics

General Stats
  • This quiz has been taken 452 times
    295 since last reset
  • The average score is 10 of 27
Answer Stats
Resort Name Acres Country State/Province % Correct
Whistler Blackomb 8,171 Canada BC
92%
Vail 5,289 USA CO
79%
Park City 7,300 USA UT
73%
Big Sky 5,800 USA MT
62%
Breckenridge 2,908 USA CO
60%
Alta/Snowbird 4,700 USA UT
57%
Mammoth Mountain 3,500 USA CA
55%
Palisades Tahoe 6,000 USA CA
52%
Sunshine Village 3,358 Canada AB
47%
Snowmass 3,342 USA CO
39%
Heavenly 4,800 USA CA/NV
38%
Lake Louise 4,200 Canada AB
36%
Revelstoke 3,121 Canada BC
36%
Steamboat Springs 2,965 USA CO
36%
Keystone Resort 3,148 USA CO
30%
Winter Park 3,081 USA CO
26%
Kicking Horse 3,486 Canada BC
25%
Northstar 3,170 USA CA
22%
Powder Mountain* 8,464 USA UT
22%
Mount Bachelor 4,318 USA OR
20%
Sun Peaks 4,270 Canada BC
18%
Snowbasin 3,000 USA UT
17%
Whitefish 3,000 USA MT
15%
Panorama 2,975 Canada BC
13%
Red Mountain 4,200 Canada BC
12%
Silver Star 3,282 Canada BC
12%
Schweitzer 2,900 USA ID
10%
No matching quizzes found
Score Distribution
Percent of People with Each Score
Percentile by Number Answered
Your Score History
You have not taken this quiz since the last reset